East/West-Wage Rigidity in United Germany Causes and Consequences

Salvato in:
Dettagli Bibliografici
Autore principale: Paqué, Karl-Heinz
Natura: Libro
Lingua:inglese
Pubblicazione: Kiel Institut für Weltwirtschaft 1993
Serie:Kiel Working Paper No.572
Soggetti:
Tags: Aggiungi Tag
Nessun Tag, puoi essere il primo ad aggiungerne!!

MARC

LEADER 00000nam a2200000 4500
001 c005222
005 20250521092916.0
041 0 |a eng 
044 |a DE 
245 1 0 |a East/West-Wage Rigidity in United Germany  |b Causes and Consequences  |c Karl-Heinz Paqué 
264 1 |a Kiel  |b Institut für Weltwirtschaft  |c 1993 
300 |a 64 s. 
490 1 |a Kiel Working Paper  |v No.572 
830 0 |a Kiel Working Paper  |v No.572 
610 2 0 |a trh práce 
610 2 0 |a mzdy 
610 2 0 |a trh peňažný 
610 2 0 |a zamestnanosť 
610 2 0 |a nezamestnanosť 
610 2 0 |a údaje štatistické 
610 2 0 |a Nemecko 
100 1 |a Paqué, Karl-Heinz